[Event "XI Open"]
[Site "Condino ITA"]
[Date "2011.07.30"]
[Round "7"]
[White "Panjkovic, Stefan"]
[Black "Simoncini, Francesco"]
[Result "0-1"]
[WhiteElo "1626"]
[BlackElo "1581"]
[PlyCount "72"]
[EventDate "2011.07.25"]

1. c4 e5 2. g3 g6 3. Bg2 Bg7 4. e4 Nc6 5. Ne2 d6 6. d3 Be6 7. Nbc3 Qd7 8. h3
Nge7 9. Be3 Nd4 10. Nd5 Nec6 11. Nxd4 Nxd4 12. Bxd4 exd4 13. Nf4 O-O 14. Nxe6
Qxe6 15. O-O Kh8 16. Qb3 Rab8 17. Rfe1 a6 18. Qc2 c5 19. Kh2 h5 20. f4 h4 21.
gxh4 Qe7 22. Qe2 Qxh4 23. Qg4 Qxg4 24. hxg4 b5 25. b3 bxc4 26. bxc4 Rb2 27. Kg3
Rfb8 28. Bf1 Rd2 29. a4 Rbb2 30. a5 g5 31. Red1 gxf4+ 32. Kxf4 Be5+ 33. Kg5 Rh2
34. Rab1 Rbf2 35. Rb8+ Kg7 36. Rb7 Bf6# 0-1

[Event "XI Open"]
[Site "Condino ITA"]
[Date "2011.07.30"]
[Round "7"]
[White "Paragliola, Gennaro"]
[Black "Girelli, Sergio"]
[Result "0-1"]
[WhiteElo "1583"]
[BlackElo "1792"]
[PlyCount "54"]
[EventDate "2011.07.25"]

1. d4 Nf6 2. c4 g6 3. Nc3 Bg7 4. e4 d6 5. Nf3 O-O 6. Be2 e5 7. d5 a5 8. Be3 Na6
9. Nd2 Nc5 10. f3 Nh5 11. Qc2 Nf4 12. Rg1 Bd7 13. Nb3 b6 14. Nxc5 bxc5 15. Qd2
Rb8 16. b3 f5 17. Rc1 Nh5 18. Bh6 f4 19. Bxg7 Kxg7 20. Nd1 Qh4+ 21. Kf1 Qxh2
22. Qe1 Ng3+ 23. Kf2 Qh4 24. Nc3 Nxe4+ 25. Kf1 Ng3+ 26. Kf2 Nf5+ 27. Kf1 Ne3#
0-1

[Event "XI Open"]
[Site "Condino ITA"]
[Date "2011.07.30"]
[Round "7"]
[White "Petragnani, Gian Giacomo"]
[Black "Pipitone, Antonio"]
[Result "1/2-1/2"]
[WhiteElo "1738"]
[BlackElo "1979"]
[PlyCount "87"]
[EventDate "2011.07.25"]

1. Nf3 Nf6 2. g3 g6 3. Bg2 Bg7 4. O-O d6 5. d3 O-O 6. e4 e5 7. c3 Nc6 8. Nbd2
d5 9. exd5 Nxd5 10. Qc2 f5 11. Re1 Kh8 12. Nc4 Re8 13. Qb3 h6 14. Nfxe5 Nxe5
15. Nxe5 Bxe5 16. Qxd5 Bg7 17. Rxe8+ Qxe8 18. Bd2 c6 19. Qb3 b6 20. Qc4 Bb7 21.
Re1 Qd7 22. Re3 Re8 23. Rxe8+ Qxe8 24. Be3 g5 25. Bd4 Qe1+ 26. Bf1 c5 27. Bxg7+
Kxg7 28. b4 Bf3 29. d4 cxd4 30. Qxd4+ Kg6 31. Qe3 Qxe3 32. fxe3 Kf6 33. Kf2 Bd5
34. c4 Be4 35. a3 Ke5 36. Bg2 Bd3 37. c5 bxc5 38. bxc5 Be4 39. Bxe4 fxe4 40.
Ke2 Kd5 41. Kd2 Kxc5 42. Kc3 g4 43. Kb3 Kb5 44. a4+ 1/2-1/2

[Event "XI Open"]
[Site "Condino ITA"]
[Date "2011.07.30"]
[Round "7"]
[White "Pichler, Christoph"]
[Black "Sheikh, Mohammed Zannatun"]
[Result "1-0"]
[WhiteElo "1904"]
[BlackElo "1512"]
[PlyCount "55"]
[EventDate "2011.07.25"]

1. e4 e5 2. Nf3 Nc6 3. Bc4 Bc5 4. c3 Nf6 5. d3 h6 6. Nbd2 d6 7. Nf1 Ng4 8. d4
exd4 9. cxd4 Bb6 10. Ng3 Qf6 11. Bb5 O-O 12. Bxc6 bxc6 13. h3 Nxf2 14. Kxf2 c5
15. Be3 Re8 16. Rc1 Rd8 17. Qd3 a5 18. Qc3 cxd4 19. Bxd4 Qe6 20. Bxb6 cxb6 21.
a3 Bb7 22. Rhe1 Qg6 23. Qe3 d5 24. Rc7 Rab8 25. Nf5 Kh8 26. Ne5 d4 27. Nxg6+
fxg6 28. Qg3 1-0

[Event "XI Open"]
[Site "Condino ITA"]
[Date "2011.07.30"]
[Round "7"]
[White "Rotstein, Arkadij"]
[Black "Ventura, Sergio"]
[Result "1-0"]
[WhiteElo "2529"]
[BlackElo "2092"]
[PlyCount "81"]
[EventDate "2011.07.25"]

1. g3 d5 2. Bg2 Nf6 3. d3 e5 4. Nf3 Bd6 5. O-O O-O 6. Nbd2 c6 7. e4 h6 8. Re1
Re8 9. c3 dxe4 10. dxe4 Be6 11. Qe2 Nbd7 12. Nc4 Bc7 13. Rd1 Qe7 14. Nh4 Qc5
15. Ne3 g6 16. Bf3 Bb6 17. Bd2 a5 18. b3 Kh7 19. c4 Red8 20. Bc3 Nf8 21. Qb2
Bc7 22. Nhg2 Bh3 23. Ne1 Ne6 24. Nd3 Rxd3 25. Rxd3 Ng5 26. Bg2 Nfxe4 27. Be1
Qe7 28. Bxh3 Nxh3+ 29. Kg2 Nf4+ 30. gxf4 exf4 31. Ng4 h5 32. Rad1 f3+ 33. Kh1
hxg4 34. Rd7 Qe5 35. Rxf7+ Kh6 36. Qxe5 Bxe5 37. Re7 Nc3 38. Rd3 Bf6 39. Bd2+
g5 40. Re6 Nd1 41. Be1 1-0